000 00564nam a22001577a 4500
082 _a891.4391
_bHAS
100 _aDehlavi,Mir Hasan
245 _a Masnavi Sher‑ul‑Bayan/
_cMir Hasan Dehlavi
260 _aLahore:
_bBook Tok,
_c2005.
300 _a336p. :
_c26cm.
650 _aUrdu Narrative Poetry – 18th Century
_9129488
880 _6100-01\(3\r
_aمیرحسن دہلوی
880 _6245-02\(3\r
_aمثنوی "شیرِ البیان/
_bمیرحسن دہلوی
880 _6260-03\(3\r
_aلاہور:
_bبک ٹاک.
_c2005.
942 _2ddc
_cBK
999 _c614149
_d614149